[Event "Enniscrone Sligo-ch"]
[Site "Enniscrone"]
[Date "2024.02.04"]
[Round "5"]
[White "Cassidy, Sydney"]
[Black "Baird, David"]
[Result "1-0"]
[WhiteElo "1581"]
[BlackElo "1645"]
[PlyCount "61"]
[EventDate "2024.02.02"]
[EventType "swiss"]
[EventRounds "5"]
[EventCountry "IRL"]
[SourceTitle "CB08_2024"]
[SourceDate "2024.02.21"]
[SourceVersion "1"]
[SourceVersionDate "2024.02.21"]
[SourceQuality "1"]

1. e4 e6 2. d4 d5 3. Nc3 c5 4. dxc5 Bxc5 5. exd5 exd5 6. Qxd5 Nd7 7. Bb5 Ngf6 8. Qxc5 a6 9. Qe3+ Kf8 10. Bd3 b5 11. Qf3 Rb8 12. Qe2 Bb7 13. Nf3 Qc7 14. 0-0 Re8 15. Be3 Ng4 16. g3 h5 17. h3 Qc6 18. Kg2 Nde5 19. Be4 Qc7 20. Nxe5 Bxe4+ 21. Nxe4 Rxe5 22. Bf4 Nf6 23. Bxe5 Qxe5 24. Nc3 Qf5 25. Rad1 g5 26. Rd8+ Kg7 27. Rxh8 Kxh8 28. Rd1 Kg7 29. Qd3 Qe6 30. a3 g4 31. h4 1-0

[Event "Enniscrone Sligo-ch"]
[Site "Enniscrone"]
[Date "2024.02.03"]
[Round "3"]
[White "Ryan, Tiernan"]
[Black "Cassidy, Sydney"]
[Result "1/2-1/2"]
[WhiteElo "1527"]
[BlackElo "1581"]
[PlyCount "50"]
[EventDate "2024.02.02"]
[EventType "swiss"]
[EventRounds "5"]
[EventCountry "IRL"]
[SourceTitle "CB08_2024"]
[SourceDate "2024.02.21"]
[SourceVersion "1"]
[SourceVersionDate "2024.02.21"]
[SourceQuality "1"]

1. e4 c5 2. Nf3 d6 3. c3 Nf6 4. Be2 Nc6 5. d4 cxd4 6. cxd4 e6 7. Nc3 Be7 8. e5 dxe5 9. dxe5 Qxd1+ 10. Bxd1 Nd7 11. Ba4 Nb4 12. 0-0 0-0 13. a3 Na6 14. b4 Nb6 15. Bb3 Bd7 16. Bg5 Bxg5 17. Nxg5 Rac8 18. Rac1 Nc4 19. Bxc4 Rxc4 20. Nce4 Rxc1 21. Rxc1 h6 22. Nf3 Bc6 23. Nfd2 Rd8 24. Nd6 Rd7 25. N2c4 Bd5 1/2-1/2

[Event "EUR-chT Seniors 65"]
[Site "Mali Losinj"]
[Date "2019.09.25"]
[Round "8.3"]
[White "Cassidy, Sydney"]
[Black "Van de Wynkele, Herman"]
[Result "0-1"]
[WhiteElo "1599"]
[BlackElo "2085"]
[PlyCount "104"]
[EventDate "2019.09.18"]
[EventType "team-swiss"]
[EventRounds "9"]
[EventCountry "CRO"]
[SourceTitle "EXT 2020"]
[Source "ChessBase"]
[SourceDate "2019.10.17"]
[SourceVersion "1"]
[SourceVersionDate "2019.10.17"]
[SourceQuality "1"]
[WhiteTeam "Ireland 65"]
[BlackTeam "Belgium 65"]
[WhiteTeamCountry "IRL"]
[BlackTeamCountry "BEL"]

1. Nf3 g6 2. g3 Bg7 3. Bg2 c5 4. 0-0 d5 5. d3 e5 6. e4 Ne7 7. Nbd2 Nbc6 8. c3 0-0 9. a3 h6 10. Re1 Be6 11. b3 Qd7 12. Bb2 dxe4 13. dxe4 Rad8 14. Qc2 g5 15. Nf1 Qd3 16. Qxd3 Rxd3 17. N3d2 Rfd8 18. Re2 g4 19. b4 h5 20. Rc1 Bh6 21. Rc2 c4 22. f3 Ng6 23. Kf2 Nce7 24. Bc1 b5 25. Nb1 Bxc1 26. Rxc1 gxf3 27. Bxf3 Rxf3+ 28. Kxf3 Bg4+ 29. Kf2 Bxe2 30. Kxe2 f5 31. exf5 Nxf5 32. Nfd2 h4 33. gxh4 Nf4+ 34. Kf1 Nd3 35. Re1 Nxe1 36. Kxe1 Nxh4 37. Ke2 Rd3 38. Nf1 Nf3 39. Ng3 Nxh2 40. Ne4 Nf3 41. Nc5 Ng1+ 42. Ke1 Rh3 43. a4 bxa4 44. Nxa4 Nf3+ 45. Kf2 e4 46. Nc5 Ng5 47. Ke2 Kf7 48. Nb7 Ke6 49. Na5 Kd5 50. Nb7 Ne6 51. Kd2 e3+ 52. Ke2 Nf4+ 0-1

[Event "EUR-chT Seniors 65"]
[Site "Mali Losinj"]
[Date "2019.09.21"]
[Round "4.6"]
[White "Cassidy, Sydney"]
[Black "Mortensen, Steen Juul"]
[Result "1/2-1/2"]
[WhiteElo "1599"]
[BlackElo "1892"]
[PlyCount "60"]
[EventDate "2019.09.18"]
[EventType "team-swiss"]
[EventRounds "9"]
[EventCountry "CRO"]
[SourceTitle "EXT 2020"]
[Source "ChessBase"]
[SourceDate "2019.10.17"]
[SourceVersion "1"]
[SourceVersionDate "2019.10.17"]
[SourceQuality "1"]
[WhiteTeam "Ireland 65"]
[BlackTeam "Denmark SK 2012 65"]
[WhiteTeamCountry "IRL"]
[BlackTeamCountry "DEN"]

1. e4 e5 2. Nf3 Nc6 3. Bb5 a6 4. Ba4 Nf6 5. 0-0 Be7 6. d3 b5 7. Bb3 d6 8. c3 0-0 9. h3 Na5 10. Bc2 c5 11. b4 Nc6 12. a3 Qc7 13. Bb2 d5 14. Nbd2 dxe4 15. Nxe4 Nxe4 16. dxe4 Be6 17. Qe2 Rfc8 18. Rac1 Qb6 19. Qe3 Qb8 20. Rfd1 f6 21. Bd3 c4 22. Be2 a5 23. Rc2 Bd8 24. Nh2 Bb6 25. Qg3 axb4 26. axb4 Rd8 27. Rcd2 Rxd2 28. Rxd2 Ra7 29. Bg4 Bf7 30. Nf1 Kf8 1/2-1/2

[Event "Calvia Amateur op 14th"]
[Site "Calvia"]
[Date "2017.10.10"]
[Round "4"]
[White "Cassidy, Sydney"]
[Black "Wilson, Matthew R"]
[Result "0-1"]
[WhiteElo "1575"]
[BlackElo "1779"]
[PlyCount "40"]
[EventDate "2017.10.07"]
[EventType "swiss"]
[EventRounds "9"]
[EventCountry "ESP"]
[SourceTitle "CBM 181 Extra"]
[Source "ChessBase"]
[SourceDate "2017.12.12"]
[SourceVersion "1"]
[SourceVersionDate "2017.12.12"]
[SourceQuality "1"]

1. e4 c5 2. Nf3 e6 3. d4 cxd4 4. Nxd4 a6 5. Be3 Nf6 6. Nc3 Bb4 7. Bd3 Bxc3+ 8. bxc3 Qc7 9. Bd2 d6 10. 0-0 Nbd7 11. Rb1 Ne5 12. Qe2 b5 13. Rb4 0-0 14. c4 bxc4 15. Bxc4 a5 16. Ra4 Bd7 17. Bb5 Bxb5 18. Qxb5 Nxe4 19. Bxa5 Qc5 20. Rb4 Rxa5 0-1